000 00948nam a2200229Ia 4500
999 _c39635
_d39635
001 6235
003 GE_BSU
005 20190628143447.0
008 181216s1987|||| |||||||||||||| ||geo||
041 _ageo
080 _a621.396.6(075.8) თ-12
100 _aთაბაგარი, თ.
_93046
245 _aრადიოელექტრონიკის საფუძვლები /
_cთ. თაბაგარი ; ზ. კუხიანიძე ; რედ : მ.ძიძიგური.
264 _aთბილისი :
_bსპი,
_c1987.
300 _a107 გვ .:
_bნახაზ.20.
_c20 სმ.
504 _aბიბლიოგრ.:გვ.104
653 _aრადიოელექტრონიკა
653 _aტექნიკა
700 _aკუხიანიძე, ზ.
_93047
700 _aძიძიგური, მ
_eრედაქტორი
_9472
942 _cBK
_2udc